Statystyki dla Konwertowanie Liczb Rzymskich

Kliknij tutaj aby rozwiązać quiz!

Ogólne statystyki

  • Ten quiz został rozwiązany 489 razy
  • Średni wynik to 15 z 20

Statystyki odpowiedzi

RzymskieArabskie% Poprawnych
I1
100%
C100
100%
CI101
100%
CII102
100%
MXXIV1024
100%
CIII103
100%
MXLIV1044
100%
CV105
100%
CVII107
100%
CVIII108
100%
MXCVIII1098
100%
XI11
100%
CXI111
100%
MCXXXVIII1138
100%
MCXLVII1147
100%
MCLXXVII1177
100%
MCLXXXI1181
100%
CXIX119
100%
CXX120
100%
MCCXIV1214
100%
MCCXXXII1232
100%
MCCLXXX1280
100%
MCCLXXXII1282
100%
CXXIX129
100%
CXXX130
100%
MCCC1300
100%
CXXXIX139
100%
CXLI141
100%
MCDX1410
100%
MCDXII1412
100%
CXLIII143
100%
CXLIV144
100%
MCDXLIX1449
100%
MCDLXI1461
100%
MCDLXXIV1474
100%
MCDLXXXII1482
100%
MCDLXXXIX1489
100%
MCDXCVII1497
100%
CL150
100%
MDII1502
100%
MDXI1511
100%
MDXXII1522
100%
MDLXXI1571
100%
MDCVII1607
100%
MDCXXXVIII1638
100%
CLXVI166
100%
MDCLXXIII1673
100%
MDCLXXIX1679
100%
MDCCXXVI1726
100%
CLXXIII173
100%
MDCCXXXVII1737
100%
MDCCXCI1791
100%
MDCCCV1805
100%
MDCCCLXIX1869
100%
CXCI191
100%
CXCV195
100%
MCMLI1951
100%
MCMLVIII1958
100%
MCMLXXV1975
100%
CCII202
100%
CCIV204
100%
CCV205
100%
CCVI206
100%
CCVIII208
100%
CCX210
100%
CCXV215
100%
CCXXVI226
100%
CCXXVIII228
100%
XXIII23
100%
CCXXXII232
100%
CCXXXVII237
100%
CCXXXIX239
100%
CCXLI241
100%
CCXLII242
100%
CCLIII253
100%
CCLXV265
100%
CCLXVI266
100%
CCLXVIII268
100%
CCLXXIII273
100%
XXIX29
100%
CCXCI291
100%
III3
100%
CCCXIV314
100%
CCCXV315
100%
CCCXVI316
100%
CCCXXI321
100%
CCCXXX330
100%
CCCXXXI331
100%
CCCXXXVIII338
100%
XXXIV34
100%
CCCXL340
100%
CCCLIV354
100%
CCCLXIII363
100%
CCCLXIV364
100%
CCCLXXIII373
100%
CCCLXXXIV384
100%
CCCLXXXVII387
100%
CDVIII408
100%
CDIX409
100%
CDXV415
100%
CDXXI421
100%
CDXXIII423
100%
CDXXIX429
100%
XLIII43
100%
CDXXXI431
100%
CDXXXII432
100%
CDXXXV435
100%
CDLII452
100%
CDLV455
100%
CDLXXI471
100%
CDLXXVII477
100%
CDLXXXV485
100%
CDLXXXVIII488
100%
CDXC490
100%
CDXCII492
100%
V5
100%
LIII53
100%
DXXXI531
100%
LIV54
100%
LVI56
100%
LVIII58
100%
DCXXII622
100%
LXIII63
100%
DCXXXIII633
100%
DCXXXIX639
100%
DCXLVIII648
100%
LXV65
100%
DCLIV654
100%
LXVI66
100%
DCLX660
100%
DCLXVII667
100%
LXIX69
100%
DCXCII692
100%
LXX70
100%
DCCVI706
100%
LXXVI76
100%
DCCLX760
100%
DCCLXX770
100%
DCCLXXX780
100%
DCCLXXXIV784
100%
LXXIX79
100%
DCCCXXVI826
100%
DCCCXXVIII828
100%
LXXXIII83
100%
LXXXVI86
100%
LXXXVII87
100%
IX9
100%
XCI91
100%
XCIII93
100%
CMXXXI931
100%
CMXXXVII937
100%
XCVI96
100%
CMLXII962
100%
CMLXVIII968
100%
XCVII97
100%
CMLXXI971
100%
CMLXXXIII983
100%
CMLXXXIV984
100%
X10
92%
VIII8
91%
XIII13
90%
XVI16
90%
VII7
89%
II2
88%
XV15
83%
XXXII32
83%
VI6
83%
XXIV24
80%
XXX30
80%
IV4
80%
XLIX49
80%
LIX59
80%
XXV25
75%
XXXIII33
75%
XXXV35
75%
XXXIX39
71%
XVII17
70%
XIV14
69%
XII12
67%
CXXIII123
67%
XIX19
67%
XXVI26
67%
XXVIII28
67%
XXXI31
67%
XLI41
67%
CDXX420
67%
XLVI46
67%
XLVII47
67%
LII52
67%
LXVIII68
67%
XC90
67%
XVIII18
65%
XXII22
63%
XLIV44
58%
XXI21
57%
MLV1055
50%
CXVI116
50%
CXXI121
50%
CXXIV124
50%
CXXXII132
50%
CXXXVIII138
50%
MDCLXVII1667
50%
CLXXVIII178
50%
CXCIII193
50%
XX20
50%
CCXXXV235
50%
CCLIX259
50%
XXXVII37
50%
XXXVIII38
50%
CCCLXXXI381
50%
XL40
50%
XLII42
50%
CDLXIII463
50%
XLVIII48
50%
LXIV64
50%
DCLVI656
50%
LXXVII77
50%
LXXX80
50%
LXXXI81
50%
LXXXII82
50%
CMXXXVIII938
50%
XCIV94
50%
XCVIII98
50%
XLV45
40%
CXV115
33%
CXVII117
33%
CCCVII307
33%
XXXVI36
33%
CCCLXIX369
33%
CCCLXXVII377
33%
LXXXIV84
33%
LXXXVIII88
33%
LXXXIX89
33%
XCV95
33%
CXXII122
25%
M1000
0%
MI1001
0%
MII1002
0%
MIII1003
0%
MIV1004
0%
MV1005
0%
MVI1006
0%
MVII1007
0%
MVIII1008
0%
MIX1009
0%
MX1010
0%
MXI1011
0%
MXII1012
0%
MXIII1013
0%
MXIV1014
0%
MXV1015
0%
MXVI1016
0%
MXVII1017
0%
MXVIII1018
0%
MXIX1019
0%
MXX1020
0%
MXXI1021
0%
MXXII1022
0%
MXXIII1023
0%
MXXV1025
0%
MXXVI1026
0%
MXXVII1027
0%
MXXVIII1028
0%
MXXIX1029
0%
MXXX1030
0%
MXXXI1031
0%
MXXXII1032
0%
MXXXIII1033
0%
MXXXIV1034
0%
MXXXV1035
0%
MXXXVI1036
0%
MXXXVII1037
0%
MXXXVIII1038
0%
MXXXIX1039
0%
CIV104
0%
MXL1040
0%
MXLI1041
0%
MXLII1042
0%
MXLIII1043
0%
MXLV1045
0%
MXLVI1046
0%
MXLVII1047
0%
MXLVIII1048
0%
MXLIX1049
0%
ML1050
0%
MLI1051
0%
MLII1052
0%
MLIII1053
0%
MLIV1054
0%
MLVI1056
0%
MLVII1057
0%
MLVIII1058
0%
MLIX1059
0%
CVI106
0%
MLX1060
0%
MLXI1061
0%
MLXII1062
0%
MLXIII1063
0%
MLXIV1064
0%
MLXV1065
0%
MLXVI1066
0%
MLXVII1067
0%
MLXVIII1068
0%
MLXIX1069
0%
MLXX1070
0%
MLXXI1071
0%
MLXXII1072
0%
MLXXIII1073
0%
MLXXIV1074
0%
MLXXV1075
0%
MLXXVI1076
0%
MLXXVII1077
0%
MLXXVIII1078
0%
MLXXIX1079
0%
MLXXX1080
0%
MLXXXI1081
0%
MLXXXII1082
0%
MLXXXIII1083
0%
MLXXXIV1084
0%
MLXXXV1085
0%
MLXXXVI1086
0%
MLXXXVII1087
0%
MLXXXVIII1088
0%
MLXXXIX1089
0%
CIX109
0%
MXC1090
0%
MXCI1091
0%
MXCII1092
0%
MXCIII1093
0%
MXCIV1094
0%
MXCV1095
0%
MXCVI1096
0%
MXCVII1097
0%
MXCIX1099
0%
CX110
0%
MC1100
0%
MCI1101
0%
MCII1102
0%
MCIII1103
0%
MCIV1104
0%
MCV1105
0%
MCVI1106
0%
MCVII1107
0%
MCVIII1108
0%
MCIX1109
0%
MCX1110
0%
MCXI1111
0%
MCXII1112
0%
MCXIII1113
0%
MCXIV1114
0%
MCXV1115
0%
MCXVI1116
0%
MCXVII1117
0%
MCXVIII1118
0%
MCXIX1119
0%
CXII112
0%
MCXX1120
0%
MCXXI1121
0%
MCXXII1122
0%
MCXXIII1123
0%
MCXXIV1124
0%
MCXXV1125
0%
MCXXVI1126
0%
MCXXVII1127
0%
MCXXVIII1128
0%
MCXXIX1129
0%
CXIII113
0%
MCXXX1130
0%
MCXXXI1131
0%
MCXXXII1132
0%
MCXXXIII1133
0%
MCXXXIV1134
0%
MCXXXV1135
0%
MCXXXVI1136
0%
MCXXXVII1137
0%
MCXXXIX1139
0%
CXIV114
0%
MCXL1140
0%
MCXLI1141
0%
MCXLII1142
0%
MCXLIII1143
0%
MCXLIV1144
0%
MCXLV1145
0%
MCXLVI1146
0%
MCXLVIII1148
0%
MCXLIX1149
0%
MCL1150
0%
MCLI1151
0%
MCLII1152
0%
MCLIII1153
0%
MCLIV1154
0%
MCLV1155
0%
MCLVI1156
0%
MCLVII1157
0%
MCLVIII1158
0%
MCLIX1159
0%
MCLX1160
0%
MCLXI1161
0%
MCLXII1162
0%
MCLXIII1163
0%
MCLXIV1164
0%
MCLXV1165
0%
MCLXVI1166
0%
MCLXVII1167
0%
MCLXVIII1168
0%
MCLXIX1169
0%
MCLXX1170
0%
MCLXXI1171
0%
MCLXXII1172
0%
MCLXXIII1173
0%
MCLXXIV1174
0%
MCLXXV1175
0%
MCLXXVI1176
0%
MCLXXVIII1178
0%
MCLXXIX1179
0%
CXVIII118
0%
MCLXXX1180
0%
MCLXXXII1182
0%
MCLXXXIII1183
0%
MCLXXXIV1184
0%
MCLXXXV1185
0%
MCLXXXVI1186
0%
MCLXXXVII1187
0%
MCLXXXVIII1188
0%
MCLXXXIX1189
0%
MCXC1190
0%
MCXCI1191
0%
MCXCII1192
0%
MCXCIII1193
0%
MCXCIV1194
0%
MCXCV1195
0%
MCXCVI1196
0%
MCXCVII1197
0%
MCXCVIII1198
0%
MCXCIX1199
0%
MCC1200
0%
MCCI1201
0%
MCCII1202
0%
MCCIII1203
0%
MCCIV1204
0%
MCCV1205
0%
MCCVI1206
0%
MCCVII1207
0%
MCCVIII1208
0%
MCCIX1209
0%
MCCX1210
0%
MCCXI1211
0%
MCCXII1212
0%
MCCXIII1213
0%
MCCXV1215
0%
MCCXVI1216
0%
MCCXVII1217
0%
MCCXVIII1218
0%
MCCXIX1219
0%
MCCXX1220
0%
MCCXXI1221
0%
MCCXXII1222
0%
MCCXXIII1223
0%
MCCXXIV1224
0%
MCCXXV1225
0%
MCCXXVI1226
0%
MCCXXVII1227
0%
MCCXXVIII1228
0%
MCCXXIX1229
0%
MCCXXX1230
0%
MCCXXXI1231
0%
MCCXXXIII1233
0%
MCCXXXIV1234
0%
MCCXXXV1235
0%
MCCXXXVI1236
0%
MCCXXXVII1237
0%
MCCXXXVIII1238
0%
MCCXXXIX1239
0%
MCCXL1240
0%
MCCXLI1241
0%
MCCXLII1242
0%
MCCXLIII1243
0%
MCCXLIV1244
0%
MCCXLV1245
0%
MCCXLVI1246
0%
MCCXLVII1247
0%
MCCXLVIII1248
0%
MCCXLIX1249
0%
CXXV125
0%
MCCL1250
0%
MCCLI1251
0%
MCCLII1252
0%
MCCLIII1253
0%
MCCLIV1254
0%
MCCLV1255
0%
MCCLVI1256
0%
MCCLVII1257
0%
MCCLVIII1258
0%
MCCLIX1259
0%
CXXVI126
0%
MCCLX1260
0%
MCCLXI1261
0%
MCCLXII1262
0%
MCCLXIII1263
0%
MCCLXIV1264
0%
MCCLXV1265
0%
MCCLXVI1266
0%
MCCLXVII1267
0%
MCCLXVIII1268
0%
MCCLXIX1269
0%
CXXVII127
0%
MCCLXX1270
0%
MCCLXXI1271
0%
MCCLXXII1272
0%
MCCLXXIII1273
0%
MCCLXXIV1274
0%
MCCLXXV1275
0%
MCCLXXVI1276
0%
MCCLXXVII1277
0%
MCCLXXVIII1278
0%
MCCLXXIX1279
0%
CXXVIII128
0%
MCCLXXXI1281
0%
MCCLXXXIII1283
0%
MCCLXXXIV1284
0%
MCCLXXXV1285
0%
MCCLXXXVI1286
0%
MCCLXXXVII1287
0%
MCCLXXXVIII1288
0%
MCCLXXXIX1289
0%
MCCXC1290
0%
MCCXCI1291
0%
MCCXCII1292
0%
MCCXCIII1293
0%
MCCXCIV1294
0%
MCCXCV1295
0%
MCCXCVI1296
0%
MCCXCVII1297
0%
MCCXCVIII1298
0%
MCCXCIX1299
0%
MCCCI1301
0%
MCCCII1302
0%
MCCCIII1303
0%
MCCCIV1304
0%
MCCCV1305
0%
MCCCVI1306
0%
MCCCVII1307
0%
MCCCVIII1308
0%
MCCCIX1309
0%
CXXXI131
0%
MCCCX1310
0%
MCCCXI1311
0%
MCCCXII1312
0%
MCCCXIII1313
0%
MCCCXIV1314
0%
MCCCXV1315
0%
MCCCXVI1316
0%
MCCCXVII1317
0%
MCCCXVIII1318
0%
MCCCXIX1319
0%
MCCCXX1320
0%
MCCCXXI1321
0%
MCCCXXII1322
0%
MCCCXXIII1323
0%
MCCCXXIV1324
0%
MCCCXXV1325
0%
MCCCXXVI1326
0%
MCCCXXVII1327
0%
MCCCXXVIII1328
0%
MCCCXXIX1329
0%
CXXXIII133
0%
MCCCXXX1330
0%
MCCCXXXI1331
0%
MCCCXXXII1332
0%
MCCCXXXIII1333
0%
MCCCXXXIV1334
0%
MCCCXXXV1335
0%
MCCCXXXVI1336
0%
MCCCXXXVII1337
0%
MCCCXXXVIII1338
0%
MCCCXXXIX1339
0%
CXXXIV134
0%
MCCCXL1340
0%
MCCCXLI1341
0%
MCCCXLII1342
0%
MCCCXLIII1343
0%
MCCCXLIV1344
0%
MCCCXLV1345
0%
MCCCXLVI1346
0%
MCCCXLVII1347
0%
MCCCXLVIII1348
0%
MCCCXLIX1349
0%
CXXXV135
0%
MCCCL1350
0%
MCCCLI1351
0%
MCCCLII1352
0%
MCCCLIII1353
0%
MCCCLIV1354
0%
MCCCLV1355
0%
MCCCLVI1356
0%
MCCCLVII1357
0%
MCCCLVIII1358
0%
MCCCLIX1359
0%
CXXXVI136
0%
MCCCLX1360
0%
MCCCLXI1361
0%
MCCCLXII1362
0%
MCCCLXIII1363
0%
MCCCLXIV1364
0%
MCCCLXV1365
0%
MCCCLXVI1366
0%
MCCCLXVII1367
0%
MCCCLXVIII1368
0%
MCCCLXIX1369
0%
CXXXVII137
0%
MCCCLXX1370
0%
MCCCLXXI1371
0%
MCCCLXXII1372
0%
MCCCLXXIII1373
0%
MCCCLXXIV1374
0%
MCCCLXXV1375
0%
MCCCLXXVI1376
0%
MCCCLXXVII1377
0%
MCCCLXXVIII1378
0%
MCCCLXXIX1379
0%
MCCCLXXX1380
0%
MCCCLXXXI1381
0%
MCCCLXXXII1382
0%
MCCCLXXXIII1383
0%
MCCCLXXXIV1384
0%
MCCCLXXXV1385
0%
MCCCLXXXVI1386
0%
MCCCLXXXVII1387
0%
MCCCLXXXVIII1388
0%
MCCCLXXXIX1389
0%
MCCCXC1390
0%
MCCCXCI1391
0%
MCCCXCII1392
0%
MCCCXCIII1393
0%
MCCCXCIV1394
0%
MCCCXCV1395
0%
MCCCXCVI1396
0%
MCCCXCVII1397
0%
MCCCXCVIII1398
0%
MCCCXCIX1399
0%
CXL140
0%
MCD1400
0%
MCDI1401
0%
MCDII1402
0%
MCDIII1403
0%
MCDIV1404
0%
MCDV1405
0%
MCDVI1406
0%
MCDVII1407
0%
MCDVIII1408
0%
MCDIX1409
0%
MCDXI1411
0%
MCDXIII1413
0%
MCDXIV1414
0%
MCDXV1415
0%
MCDXVI1416
0%
MCDXVII1417
0%
MCDXVIII1418
0%
MCDXIX1419
0%
CXLII142
0%
MCDXX1420
0%
MCDXXI1421
0%
MCDXXII1422
0%
MCDXXIII1423
0%
MCDXXIV1424
0%
MCDXXV1425
0%
MCDXXVI1426
0%
MCDXXVII1427
0%
MCDXXVIII1428
0%
MCDXXIX1429
0%
MCDXXX1430
0%
MCDXXXI1431
0%
MCDXXXII1432
0%
MCDXXXIII1433
0%
MCDXXXIV1434
0%
MCDXXXV1435
0%
MCDXXXVI1436
0%
MCDXXXVII1437
0%
MCDXXXVIII1438
0%
MCDXXXIX1439
0%
MCDXL1440
0%
MCDXLI1441
0%
MCDXLII1442
0%
MCDXLIII1443
0%
MCDXLIV1444
0%
MCDXLV1445
0%
MCDXLVI1446
0%
MCDXLVII1447
0%
MCDXLVIII1448
0%
CXLV145
0%
MCDL1450
0%
MCDLI1451
0%
MCDLII1452
0%
MCDLIII1453
0%
MCDLIV1454
0%
MCDLV1455
0%
MCDLVI1456
0%
MCDLVII1457
0%
MCDLVIII1458
0%
MCDLIX1459
0%
CXLVI146
0%
MCDLX1460
0%
MCDLXII1462
0%
MCDLXIII1463
0%
MCDLXIV1464
0%
MCDLXV1465
0%
MCDLXVI1466
0%
MCDLXVII1467
0%
MCDLXVIII1468
0%
MCDLXIX1469
0%
CXLVII147
0%
MCDLXX1470
0%
MCDLXXI1471
0%
MCDLXXII1472
0%
MCDLXXIII1473
0%
MCDLXXV1475
0%
MCDLXXVI1476
0%
MCDLXXVII1477
0%
MCDLXXVIII1478
0%
MCDLXXIX1479
0%
CXLVIII148
0%
MCDLXXX1480
0%
MCDLXXXI1481
0%
MCDLXXXIII1483
0%
MCDLXXXIV1484
0%
MCDLXXXV1485
0%
MCDLXXXVI1486
0%
MCDLXXXVII1487
0%
MCDLXXXVIII1488
0%
CXLIX149
0%
MCDXC1490
0%
MCDXCI1491
0%
MCDXCII1492
0%
MCDXCIII1493
0%
MCDXCIV1494
0%
MCDXCV1495
0%
MCDXCVI1496
0%
MCDXCVIII1498
0%
MCDXCIX1499
0%
MD1500
0%
MDI1501
0%
MDIII1503
0%
MDIV1504
0%
MDV1505
0%
MDVI1506
0%
MDVII1507
0%
MDVIII1508
0%
MDIX1509
0%
CLI151
0%
MDX1510
0%
MDXII1512
0%
MDXIII1513
0%
MDXIV1514
0%
MDXV1515
0%
MDXVI1516
0%
MDXVII1517
0%
MDXVIII1518
0%
MDXIX1519
0%
CLII152
0%
MDXX1520
0%
MDXXI1521
0%
MDXXIII1523
0%
MDXXIV1524
0%
MDXXV1525
0%
MDXXVI1526
0%
MDXXVII1527
0%
MDXXVIII1528
0%
MDXXIX1529
0%
CLIII153
0%
MDXXX1530
0%
MDXXXI1531
0%
MDXXXII1532
0%
MDXXXIII1533
0%
MDXXXIV1534
0%
MDXXXV1535
0%
MDXXXVI1536
0%
MDXXXVII1537
0%
MDXXXVIII1538
0%
MDXXXIX1539
0%
CLIV154
0%
MDXL1540
0%
MDXLI1541
0%
MDXLII1542
0%
MDXLIII1543
0%
MDXLIV1544
0%
MDXLV1545
0%
MDXLVI1546
0%
MDXLVII1547
0%
MDXLVIII1548
0%
MDXLIX1549
0%
CLV155
0%
MDL1550
0%
MDLI1551
0%
MDLII1552
0%
MDLIII1553
0%
MDLIV1554
0%
MDLV1555
0%
MDLVI1556
0%
MDLVII1557
0%
MDLVIII1558
0%
MDLIX1559
0%
CLVI156
0%
MDLX1560
0%
MDLXI1561
0%
MDLXII1562
0%
MDLXIII1563
0%
MDLXIV1564
0%
MDLXV1565
0%
MDLXVI1566
0%
MDLXVII1567
0%
MDLXVIII1568
0%
MDLXIX1569
0%
CLVII157
0%
MDLXX1570
0%
MDLXXII1572
0%
MDLXXIII1573
0%
MDLXXIV1574
0%
MDLXXV1575
0%
MDLXXVI1576
0%
MDLXXVII1577
0%
MDLXXVIII1578
0%
MDLXXIX1579
0%
CLVIII158
0%
MDLXXX1580
0%
MDLXXXI1581
0%
MDLXXXII1582
0%
MDLXXXIII1583
0%
MDLXXXIV1584
0%
MDLXXXV1585
0%
MDLXXXVI1586
0%
MDLXXXVII1587
0%
MDLXXXVIII1588
0%
MDLXXXIX1589
0%
CLIX159
0%
MDXC1590
0%
MDXCI1591
0%
MDXCII1592
0%
MDXCIII1593
0%
MDXCIV1594
0%
MDXCV1595
0%
MDXCVI1596
0%
MDXCVII1597
0%
MDXCVIII1598
0%
MDXCIX1599
0%
CLX160
0%
MDC1600
0%
MDCI1601
0%
MDCII1602
0%
MDCIII1603
0%
MDCIV1604
0%
MDCV1605
0%
MDCVI1606
0%
MDCVIII1608
0%
MDCIX1609
0%
CLXI161
0%
MDCX1610
0%
MDCXI1611
0%
MDCXII1612
0%
MDCXIII1613
0%
MDCXIV1614
0%
MDCXV1615
0%
MDCXVI1616
0%
MDCXVII1617
0%
MDCXVIII1618
0%
MDCXIX1619
0%
CLXII162
0%
MDCXX1620
0%
MDCXXI1621
0%
MDCXXII1622
0%
MDCXXIII1623
0%
MDCXXIV1624
0%
MDCXXV1625
0%
MDCXXVI1626
0%
MDCXXVII1627
0%
MDCXXVIII1628
0%
MDCXXIX1629
0%
CLXIII163
0%
MDCXXX1630
0%
MDCXXXI1631
0%
MDCXXXII1632
0%
MDCXXXIII1633
0%
MDCXXXIV1634
0%
MDCXXXV1635
0%
MDCXXXVI1636
0%
MDCXXXVII1637
0%
MDCXXXIX1639
0%
CLXIV164
0%
MDCXL1640
0%
MDCXLI1641
0%
MDCXLII1642
0%
MDCXLIII1643
0%
MDCXLIV1644
0%
MDCXLV1645
0%
MDCXLVI1646
0%
MDCXLVII1647
0%
MDCXLVIII1648
0%
MDCXLIX1649
0%
CLXV165
0%
MDCL1650
0%
MDCLI1651
0%
MDCLII1652
0%
MDCLIII1653
0%
MDCLIV1654
0%
MDCLV1655
0%
MDCLVI1656
0%
MDCLVII1657
0%
MDCLVIII1658
0%
MDCLIX1659
0%
MDCLX1660
0%
MDCLXI1661
0%
MDCLXII1662
0%
MDCLXIII1663
0%
MDCLXIV1664
0%
MDCLXV1665
0%
MDCLXVI1666
0%
MDCLXVIII1668
0%
MDCLXIX1669
0%
CLXVII167
0%
MDCLXX1670
0%
MDCLXXI1671
0%
MDCLXXII1672
0%
MDCLXXIV1674
0%
MDCLXXV1675
0%
MDCLXXVI1676
0%
MDCLXXVII1677
0%
MDCLXXVIII1678
0%
CLXVIII168
0%
MDCLXXX1680
0%
MDCLXXXI1681
0%
MDCLXXXII1682
0%
MDCLXXXIII1683
0%
MDCLXXXIV1684
0%
MDCLXXXV1685
0%
MDCLXXXVI1686
0%
MDCLXXXVII1687
0%
MDCLXXXVIII1688
0%
MDCLXXXIX1689
0%
CLXIX169
0%
MDCXC1690
0%
MDCXCI1691
0%
MDCXCII1692
0%
MDCXCIII1693
0%
MDCXCIV1694
0%
MDCXCV1695
0%
MDCXCVI1696
0%
MDCXCVII1697
0%
MDCXCVIII1698
0%
MDCXCIX1699
0%
CLXX170
0%
MDCC1700
0%
MDCCI1701
0%
MDCCII1702
0%
MDCCIII1703
0%
MDCCIV1704
0%
MDCCV1705
0%
MDCCVI1706
0%
MDCCVII1707
0%
MDCCVIII1708
0%
MDCCIX1709
0%
CLXXI171
0%
MDCCX1710
0%
MDCCXI1711
0%
MDCCXII1712
0%
MDCCXIII1713
0%
MDCCXIV1714
0%
MDCCXV1715
0%
MDCCXVI1716
0%
MDCCXVII1717
0%
MDCCXVIII1718
0%
MDCCXIX1719
0%
CLXXII172
0%
MDCCXX1720
0%
MDCCXXI1721
0%
MDCCXXII1722
0%
MDCCXXIII1723
0%
MDCCXXIV1724
0%
MDCCXXV1725
0%
MDCCXXVII1727
0%
MDCCXXVIII1728
0%
MDCCXXIX1729
0%
MDCCXXX1730
0%
MDCCXXXI1731
0%
MDCCXXXII1732
0%
MDCCXXXIII1733
0%
MDCCXXXIV1734
0%
MDCCXXXV1735
0%
MDCCXXXVI1736
0%
MDCCXXXVIII1738
0%
MDCCXXXIX1739
0%
CLXXIV174
0%
MDCCXL1740
0%
MDCCXLI1741
0%
MDCCXLII1742
0%
MDCCXLIII1743
0%
MDCCXLIV1744
0%
MDCCXLV1745
0%
MDCCXLVI1746
0%
MDCCXLVII1747
0%
MDCCXLVIII1748
0%
MDCCXLIX1749
0%
CLXXV175
0%
MDCCL1750
0%
MDCCLI1751
0%
MDCCLII1752
0%
MDCCLIII1753
0%
MDCCLIV1754
0%
MDCCLV1755
0%
MDCCLVI1756
0%
MDCCLVII1757
0%
MDCCLVIII1758
0%
MDCCLIX1759
0%
CLXXVI176
0%
MDCCLX1760
0%
MDCCLXI1761
0%
MDCCLXII1762
0%
MDCCLXIII1763
0%
MDCCLXIV1764
0%
MDCCLXV1765
0%
MDCCLXVI1766
0%
MDCCLXVII1767
0%
MDCCLXVIII1768
0%
MDCCLXIX1769
0%
CLXXVII177
0%
MDCCLXX1770
0%
MDCCLXXI1771
0%
MDCCLXXII1772
0%
MDCCLXXIII1773
0%
MDCCLXXIV1774
0%
MDCCLXXV1775
0%
MDCCLXXVI1776
0%
MDCCLXXVII1777
0%
MDCCLXXVIII1778
0%
MDCCLXXIX1779
0%
MDCCLXXX1780
0%
MDCCLXXXI1781
0%
MDCCLXXXII1782
0%
MDCCLXXXIII1783
0%
MDCCLXXXIV1784
0%
MDCCLXXXV1785
0%
MDCCLXXXVI1786
0%
MDCCLXXXVII1787
0%
MDCCLXXXVIII1788
0%
MDCCLXXXIX1789
0%
CLXXIX179
0%
MDCCXC1790
0%
MDCCXCII1792
0%
MDCCXCIII1793
0%
MDCCXCIV1794
0%
MDCCXCV1795
0%
MDCCXCVI1796
0%
MDCCXCVII1797
0%
MDCCXCVIII1798
0%
MDCCXCIX1799
0%
CLXXX180
0%
MDCCC1800
0%
MDCCCI1801
0%
MDCCCII1802
0%
MDCCCIII1803
0%
MDCCCIV1804
0%
MDCCCVI1806
0%
MDCCCVII1807
0%
MDCCCVIII1808
0%
MDCCCIX1809
0%
CLXXXI181
0%
MDCCCX1810
0%
MDCCCXI1811
0%
MDCCCXII1812
0%
MDCCCXIII1813
0%
MDCCCXIV1814
0%
MDCCCXV1815
0%
MDCCCXVI1816
0%
MDCCCXVII1817
0%
MDCCCXVIII1818
0%
MDCCCXIX1819
0%
CLXXXII182
0%
MDCCCXX1820
0%
MDCCCXXI1821
0%
MDCCCXXII1822
0%
MDCCCXXIII1823
0%
MDCCCXXIV1824
0%
MDCCCXXV1825
0%
MDCCCXXVI1826
0%
MDCCCXXVII1827
0%
MDCCCXXVIII1828
0%
MDCCCXXIX1829
0%
CLXXXIII183
0%
MDCCCXXX1830
0%
MDCCCXXXI1831
0%
MDCCCXXXII1832
0%
MDCCCXXXIII1833
0%
MDCCCXXXIV1834
0%
MDCCCXXXV1835
0%
MDCCCXXXVI1836
0%
MDCCCXXXVII1837
0%
MDCCCXXXVIII1838
0%
MDCCCXXXIX1839
0%
CLXXXIV184
0%
MDCCCXL1840
0%
MDCCCXLI1841
0%
MDCCCXLII1842
0%
MDCCCXLIII1843
0%
MDCCCXLIV1844
0%
MDCCCXLV1845
0%
MDCCCXLVI1846
0%
MDCCCXLVII1847
0%
MDCCCXLVIII1848
0%
MDCCCXLIX1849
0%
CLXXXV185
0%
MDCCCL1850
0%
MDCCCLI1851
0%
MDCCCLII1852
0%
MDCCCLIII1853
0%
MDCCCLIV1854
0%
MDCCCLV1855
0%
MDCCCLVI1856
0%
MDCCCLVII1857
0%
MDCCCLVIII1858
0%
MDCCCLIX1859
0%
CLXXXVI186
0%
MDCCCLX1860
0%
MDCCCLXI1861
0%
MDCCCLXII1862
0%
MDCCCLXIII1863
0%
MDCCCLXIV1864
0%
MDCCCLXV1865
0%
MDCCCLXVI1866
0%
MDCCCLXVII1867
0%
MDCCCLXVIII1868
0%
CLXXXVII187
0%
MDCCCLXX1870
0%
MDCCCLXXI1871
0%
MDCCCLXXII1872
0%
MDCCCLXXIII1873
0%
MDCCCLXXIV1874
0%
MDCCCLXXV1875
0%
MDCCCLXXVI1876
0%
MDCCCLXXVII1877
0%
MDCCCLXXVIII1878
0%
MDCCCLXXIX1879
0%
CLXXXVIII188
0%
MDCCCLXXX1880
0%
MDCCCLXXXI1881
0%
MDCCCLXXXII1882
0%
MDCCCLXXXIII1883
0%
MDCCCLXXXIV1884
0%
MDCCCLXXXV1885
0%
MDCCCLXXXVI1886
0%
MDCCCLXXXVII1887
0%
MDCCCLXXXVIII1888
0%
MDCCCLXXXIX1889
0%
CLXXXIX189
0%
MDCCCXC1890
0%
MDCCCXCI1891
0%
MDCCCXCII1892
0%
MDCCCXCIII1893
0%
MDCCCXCIV1894
0%
MDCCCXCV1895
0%
MDCCCXCVI1896
0%
MDCCCXCVII1897
0%
MDCCCXCVIII1898
0%
MDCCCXCIX1899
0%
CXC190
0%
MCM1900
0%
MCMI1901
0%
MCMII1902
0%
MCMIII1903
0%
MCMIV1904
0%
MCMV1905
0%
MCMVI1906
0%
MCMVII1907
0%
MCMVIII1908
0%
MCMIX1909
0%
MCMX1910
0%
MCMXI1911
0%
MCMXII1912
0%
MCMXIII1913
0%
MCMXIV1914
0%
MCMXV1915
0%
MCMXVI1916
0%
MCMXVII1917
0%
MCMXVIII1918
0%
MCMXIX1919
0%
CXCII192
0%
MCMXX1920
0%
MCMXXI1921
0%
MCMXXII1922
0%
MCMXXIII1923
0%
MCMXXIV1924
0%
MCMXXV1925
0%
MCMXXVI1926
0%
MCMXXVII1927
0%
MCMXXVIII1928
0%
MCMXXIX1929
0%
MCMXXX1930
0%
MCMXXXI1931
0%
MCMXXXII1932
0%
MCMXXXIII1933
0%
MCMXXXIV1934
0%
MCMXXXV1935
0%
MCMXXXVI1936
0%
MCMXXXVII1937
0%
MCMXXXVIII1938
0%
MCMXXXIX1939
0%
CXCIV194
0%
MCMXL1940
0%
MCMXLI1941
0%
MCMXLII1942
0%
MCMXLIII1943
0%
MCMXLIV1944
0%
MCMXLV1945
0%
MCMXLVI1946
0%
MCMXLVII1947
0%
MCMXLVIII1948
0%
MCMXLIX1949
0%
MCML1950
0%
MCMLII1952
0%
MCMLIII1953
0%
MCMLIV1954
0%
MCMLV1955
0%
MCMLVI1956
0%
MCMLVII1957
0%
MCMLIX1959
0%
CXCVI196
0%
MCMLX1960
0%
MCMLXI1961
0%
MCMLXII1962
0%
MCMLXIII1963
0%
MCMLXIV1964
0%
MCMLXV1965
0%
MCMLXVI1966
0%
MCMLXVII1967
0%
MCMLXVIII1968
0%
MCMLXIX1969
0%
CXCVII197
0%
MCMLXX1970
0%
MCMLXXI1971
0%
MCMLXXII1972
0%
MCMLXXIII1973
0%
MCMLXXIV1974
0%
MCMLXXVI1976
0%
MCMLXXVII1977
0%
MCMLXXVIII1978
0%
MCMLXXIX1979
0%
CXCVIII198
0%
MCMLXXX1980
0%
MCMLXXXI1981
0%
MCMLXXXII1982
0%
MCMLXXXIII1983
0%
MCMLXXXIV1984
0%
MCMLXXXV1985
0%
MCMLXXXVI1986
0%
MCMLXXXVII1987
0%
MCMLXXXVIII1988
0%
MCMLXXXIX1989
0%
CXCIX199
0%
MCMXC1990
0%
MCMXCI1991
0%
MCMXCII1992
0%
MCMXCIII1993
0%
MCMXCIV1994
0%
MCMXCV1995
0%
MCMXCVI1996
0%
MCMXCVII1997
0%
MCMXCVIII1998
0%
MCMXCIX1999
0%
CC200
0%
MM2000
0%
CCI201
0%
CCIII203
0%
CCVII207
0%
CCIX209
0%
CCXI211
0%
CCXII212
0%
CCXIII213
0%
CCXIV214
0%
CCXVI216
0%
CCXVII217
0%
CCXVIII218
0%
CCXIX219
0%
CCXX220
0%
CCXXI221
0%
CCXXII222
0%
CCXXIII223
0%
CCXXIV224
0%
CCXXV225
0%
CCXXVII227
0%
CCXXIX229
0%
CCXXX230
0%
CCXXXI231
0%
CCXXXIII233
0%
CCXXXIV234
0%
CCXXXVI236
0%
CCXXXVIII238
0%
CCXL240
0%
CCXLIII243
0%
CCXLIV244
0%
CCXLV245
0%
CCXLVI246
0%
CCXLVII247
0%
CCXLVIII248
0%
CCXLIX249
0%
CCL250
0%
CCLI251
0%
CCLII252
0%
CCLIV254
0%
CCLV255
0%
CCLVI256
0%
CCLVII257
0%
CCLVIII258
0%
CCLX260
0%
CCLXI261
0%
CCLXII262
0%
CCLXIII263
0%
CCLXIV264
0%
CCLXVII267
0%
CCLXIX269
0%
XXVII27
0%
CCLXX270
0%
CCLXXI271
0%
CCLXXII272
0%
CCLXXIV274
0%
CCLXXV275
0%
CCLXXVI276
0%
CCLXXVII277
0%
CCLXXVIII278
0%
CCLXXIX279
0%
CCLXXX280
0%
CCLXXXI281
0%
CCLXXXII282
0%
CCLXXXIII283
0%
CCLXXXIV284
0%
CCLXXXV285
0%
CCLXXXVI286
0%
CCLXXXVII287
0%
CCLXXXVIII288
0%
CCLXXXIX289
0%
CCXC290
0%
CCXCII292
0%
CCXCIII293
0%
CCXCIV294
0%
CCXCV295
0%
CCXCVI296
0%
CCXCVII297
0%
CCXCVIII298
0%
CCXCIX299
0%
CCC300
0%
CCCI301
0%
CCCII302
0%
CCCIII303
0%
CCCIV304
0%
CCCV305
0%
CCCVI306
0%
CCCVIII308
0%
CCCIX309
0%
CCCX310
0%
CCCXI311
0%
CCCXII312
0%
CCCXIII313
0%
CCCXVII317
0%
CCCXVIII318
0%
CCCXIX319
0%
CCCXX320
0%
CCCXXII322
0%
CCCXXIII323
0%
CCCXXIV324
0%
CCCXXV325
0%
CCCXXVI326
0%
CCCXXVII327
0%
CCCXXVIII328
0%
CCCXXIX329
0%
CCCXXXII332
0%
CCCXXXIII333
0%
CCCXXXIV334
0%
CCCXXXV335
0%
CCCXXXVI336
0%
CCCXXXVII337
0%
CCCXXXIX339
0%
CCCXLI341
0%
CCCXLII342
0%
CCCXLIII343
0%
CCCXLIV344
0%
CCCXLV345
0%
CCCXLVI346
0%
CCCXLVII347
0%
CCCXLVIII348
0%
CCCXLIX349
0%
CCCL350
0%
CCCLI351
0%
CCCLII352
0%
CCCLIII353
0%
CCCLV355
0%
CCCLVI356
0%
CCCLVII357
0%
CCCLVIII358
0%
CCCLIX359
0%
CCCLX360
0%
CCCLXI361
0%
CCCLXII362
0%
CCCLXV365
0%
CCCLXVI366
0%
CCCLXVII367
0%
CCCLXVIII368
0%
CCCLXX370
0%
CCCLXXI371
0%
CCCLXXII372
0%
CCCLXXIV374
0%
CCCLXXV375
0%
CCCLXXVI376
0%
CCCLXXVIII378
0%
CCCLXXIX379
0%
CCCLXXX380
0%
CCCLXXXII382
0%
CCCLXXXIII383
0%
CCCLXXXV385
0%
CCCLXXXVI386
0%
CCCLXXXVIII388
0%
CCCLXXXIX389
0%
CCCXC390
0%
CCCXCI391
0%
CCCXCII392
0%
CCCXCIII393
0%
CCCXCIV394
0%
CCCXCV395
0%
CCCXCVI396
0%
CCCXCVII397
0%
CCCXCVIII398
0%
CCCXCIX399
0%
CD400
0%
CDI401
0%
CDII402
0%
CDIII403
0%
CDIV404
0%
CDV405
0%
CDVI406
0%
CDVII407
0%
CDX410
0%
CDXI411
0%
CDXII412
0%
CDXIII413
0%
CDXIV414
0%
CDXVI416
0%
CDXVII417
0%
CDXVIII418
0%
CDXIX419
0%
CDXXII422
0%
CDXXIV424
0%
CDXXV425
0%
CDXXVI426
0%
CDXXVII427
0%
CDXXVIII428
0%
CDXXX430
0%
CDXXXIII433
0%
CDXXXIV434
0%
CDXXXVI436
0%
CDXXXVII437
0%
CDXXXVIII438
0%
CDXXXIX439
0%
CDXL440
0%
CDXLI441
0%
CDXLII442
0%
CDXLIII443
0%
CDXLIV444
0%
CDXLV445
0%
CDXLVI446
0%
CDXLVII447
0%
CDXLVIII448
0%
CDXLIX449
0%
CDL450
0%
CDLI451
0%
CDLIII453
0%
CDLIV454
0%
CDLVI456
0%
CDLVII457
0%
CDLVIII458
0%
CDLIX459
0%
CDLX460
0%
CDLXI461
0%
CDLXII462
0%
CDLXIV464
0%
CDLXV465
0%
CDLXVI466
0%
CDLXVII467
0%
CDLXVIII468
0%
CDLXIX469
0%
CDLXX470
0%
CDLXXII472
0%
CDLXXIII473
0%
CDLXXIV474
0%
CDLXXV475
0%
CDLXXVI476
0%
CDLXXVIII478
0%
CDLXXIX479
0%
CDLXXX480
0%
CDLXXXI481
0%
CDLXXXII482
0%
CDLXXXIII483
0%
CDLXXXIV484
0%
CDLXXXVI486
0%
CDLXXXVII487
0%
CDLXXXIX489
0%
CDXCI491
0%
CDXCIII493
0%
CDXCIV494
0%
CDXCV495
0%
CDXCVI496
0%
CDXCVII497
0%
CDXCVIII498
0%
CDXCIX499
0%
L50
0%
D500
0%
DI501
0%
DII502
0%
DIII503
0%
DIV504
0%
DV505
0%
DVI506
0%
DVII507
0%
DVIII508
0%
DIX509
0%
LI51
0%
DX510
0%
DXI511
0%
DXII512
0%
DXIII513
0%
DXIV514
0%
DXV515
0%
DXVI516
0%
DXVII517
0%
DXVIII518
0%
DXIX519
0%
DXX520
0%
DXXI521
0%
DXXII522
0%
DXXIII523
0%
DXXIV524
0%
DXXV525
0%
DXXVI526
0%
DXXVII527
0%
DXXVIII528
0%
DXXIX529
0%
DXXX530
0%
DXXXII532
0%
DXXXIII533
0%
DXXXIV534
0%
DXXXV535
0%
DXXXVI536
0%
DXXXVII537
0%
DXXXVIII538
0%
DXXXIX539
0%
DXL540
0%
DXLI541
0%
DXLII542
0%
DXLIII543
0%
DXLIV544
0%
DXLV545
0%
DXLVI546
0%
DXLVII547
0%
DXLVIII548
0%
DXLIX549
0%
LV55
0%
DL550
0%
DLI551
0%
DLII552
0%
DLIII553
0%
DLIV554
0%
DLV555
0%
DLVI556
0%
DLVII557
0%
DLVIII558
0%
DLIX559
0%
DLX560
0%
DLXI561
0%
DLXII562
0%
DLXIII563
0%
DLXIV564
0%
DLXV565
0%
DLXVI566
0%
DLXVII567
0%
DLXVIII568
0%
DLXIX569
0%
LVII57
0%
DLXX570
0%
DLXXI571
0%
DLXXII572
0%
DLXXIII573
0%
DLXXIV574
0%
DLXXV575
0%
DLXXVI576
0%
DLXXVII577
0%
DLXXVIII578
0%
DLXXIX579
0%
DLXXX580
0%
DLXXXI581
0%
DLXXXII582
0%
DLXXXIII583
0%
DLXXXIV584
0%
DLXXXV585
0%
DLXXXVI586
0%
DLXXXVII587
0%
DLXXXVIII588
0%
DLXXXIX589
0%
DXC590
0%
DXCI591
0%
DXCII592
0%
DXCIII593
0%
DXCIV594
0%
DXCV595
0%
DXCVI596
0%
DXCVII597
0%
DXCVIII598
0%
DXCIX599
0%
LX60
0%
DC600
0%
DCI601
0%
DCII602
0%
DCIII603
0%
DCIV604
0%
DCV605
0%
DCVI606
0%
DCVII607
0%
DCVIII608
0%
DCIX609
0%
LXI61
0%
DCX610
0%
DCXI611
0%
DCXII612
0%
DCXIII613
0%
DCXIV614
0%
DCXV615
0%
DCXVI616
0%
DCXVII617
0%
DCXVIII618
0%
DCXIX619
0%
LXII62
0%
DCXX620
0%
DCXXI621
0%
DCXXIII623
0%
DCXXIV624
0%
DCXXV625
0%
DCXXVI626
0%
DCXXVII627
0%
DCXXVIII628
0%
DCXXIX629
0%
DCXXX630
0%
DCXXXI631
0%
DCXXXII632
0%
DCXXXIV634
0%
DCXXXV635
0%
DCXXXVI636
0%
DCXXXVII637
0%
DCXXXVIII638
0%
DCXL640
0%
DCXLI641
0%
DCXLII642
0%
DCXLIII643
0%
DCXLIV644
0%
DCXLV645
0%
DCXLVI646
0%
DCXLVII647
0%
DCXLIX649
0%
DCL650
0%
DCLI651
0%
DCLII652
0%
DCLIII653
0%
DCLV655
0%
DCLVII657
0%
DCLVIII658
0%
DCLIX659
0%
DCLXI661
0%
DCLXII662
0%
DCLXIII663
0%
DCLXIV664
0%
DCLXV665
0%
DCLXVI666
0%
DCLXVIII668
0%
DCLXIX669
0%
LXVII67
0%
DCLXX670
0%
DCLXXI671
0%
DCLXXII672
0%
DCLXXIII673
0%
DCLXXIV674
0%
DCLXXV675
0%
DCLXXVI676
0%
DCLXXVII677
0%
DCLXXVIII678
0%
DCLXXIX679
0%
DCLXXX680
0%
DCLXXXI681
0%
DCLXXXII682
0%
DCLXXXIII683
0%
DCLXXXIV684
0%
DCLXXXV685
0%
DCLXXXVI686
0%
DCLXXXVII687
0%
DCLXXXVIII688
0%
DCLXXXIX689
0%
DCXC690
0%
DCXCI691
0%
DCXCIII693
0%
DCXCIV694
0%
DCXCV695
0%
DCXCVI696
0%
DCXCVII697
0%
DCXCVIII698
0%
DCXCIX699
0%
DCC700
0%
DCCI701
0%
DCCII702
0%
DCCIII703
0%
DCCIV704
0%
DCCV705
0%
DCCVII707
0%
DCCVIII708
0%
DCCIX709
0%
LXXI71
0%
DCCX710
0%
DCCXI711
0%
DCCXII712
0%
DCCXIII713
0%
DCCXIV714
0%
DCCXV715
0%
DCCXVI716
0%
DCCXVII717
0%
DCCXVIII718
0%
DCCXIX719
0%
LXXII72
0%
DCCXX720
0%
DCCXXI721
0%
DCCXXII722
0%
DCCXXIII723
0%
DCCXXIV724
0%
DCCXXV725
0%
DCCXXVI726
0%
DCCXXVII727
0%
DCCXXVIII728
0%
DCCXXIX729
0%
LXXIII73
0%
DCCXXX730
0%
DCCXXXI731
0%
DCCXXXII732
0%
DCCXXXIII733
0%
DCCXXXIV734
0%
DCCXXXV735
0%
DCCXXXVI736
0%
DCCXXXVII737
0%
DCCXXXVIII738
0%
DCCXXXIX739
0%
LXXIV74
0%
DCCXL740
0%
DCCXLI741
0%
DCCXLII742
0%
DCCXLIII743
0%
DCCXLIV744
0%
DCCXLV745
0%
DCCXLVI746
0%
DCCXLVII747
0%
DCCXLVIII748
0%
DCCXLIX749
0%
LXXV75
0%
DCCL750
0%
DCCLI751
0%
DCCLII752
0%
DCCLIII753
0%
DCCLIV754
0%
DCCLV755
0%
DCCLVI756
0%
DCCLVII757
0%
DCCLVIII758
0%
DCCLIX759
0%
DCCLXI761
0%
DCCLXII762
0%
DCCLXIII763
0%
DCCLXIV764
0%
DCCLXV765
0%
DCCLXVI766
0%
DCCLXVII767
0%
DCCLXVIII768
0%
DCCLXIX769
0%
DCCLXXI771
0%
DCCLXXII772
0%
DCCLXXIII773
0%
DCCLXXIV774
0%
DCCLXXV775
0%
DCCLXXVI776
0%
DCCLXXVII777
0%
DCCLXXVIII778
0%
DCCLXXIX779
0%
LXXVIII78
0%
DCCLXXXI781
0%
DCCLXXXII782
0%
DCCLXXXIII783
0%
DCCLXXXV785
0%
DCCLXXXVI786
0%
DCCLXXXVII787
0%
DCCLXXXVIII788
0%
DCCLXXXIX789
0%
DCCXC790
0%
DCCXCI791
0%
DCCXCII792
0%
DCCXCIII793
0%
DCCXCIV794
0%
DCCXCV795
0%
DCCXCVI796
0%
DCCXCVII797
0%
DCCXCVIII798
0%
DCCXCIX799
0%
DCCC800
0%
DCCCI801
0%
DCCCII802
0%
DCCCIII803
0%
DCCCIV804
0%
DCCCV805
0%
DCCCVI806
0%
DCCCVII807
0%
DCCCVIII808
0%
DCCCIX809
0%
DCCCX810
0%
DCCCXI811
0%
DCCCXII812
0%
DCCCXIII813
0%
DCCCXIV814
0%
DCCCXV815
0%
DCCCXVI816
0%
DCCCXVII817
0%
DCCCXVIII818
0%
DCCCXIX819
0%
DCCCXX820
0%
DCCCXXI821
0%
DCCCXXII822
0%
DCCCXXIII823
0%
DCCCXXIV824
0%
DCCCXXV825
0%
DCCCXXVII827
0%
DCCCXXIX829
0%
DCCCXXX830
0%
DCCCXXXI831
0%
DCCCXXXII832
0%
DCCCXXXIII833
0%
DCCCXXXIV834
0%
DCCCXXXV835
0%
DCCCXXXVI836
0%
DCCCXXXVII837
0%
DCCCXXXVIII838
0%
DCCCXXXIX839
0%
DCCCXL840
0%
DCCCXLI841
0%
DCCCXLII842
0%
DCCCXLIII843
0%
DCCCXLIV844
0%
DCCCXLV845
0%
DCCCXLVI846
0%
DCCCXLVII847
0%
DCCCXLVIII848
0%
DCCCXLIX849
0%
LXXXV85
0%
DCCCL850
0%
DCCCLI851
0%
DCCCLII852
0%
DCCCLIII853
0%
DCCCLIV854
0%
DCCCLV855
0%
DCCCLVI856
0%
DCCCLVII857
0%
DCCCLVIII858
0%
DCCCLIX859
0%
DCCCLX860
0%
DCCCLXI861
0%
DCCCLXII862
0%
DCCCLXIII863
0%
DCCCLXIV864
0%
DCCCLXV865
0%
DCCCLXVI866
0%
DCCCLXVII867
0%
DCCCLXVIII868
0%
DCCCLXIX869
0%
DCCCLXX870
0%
DCCCLXXI871
0%
DCCCLXXII872
0%
DCCCLXXIII873
0%
DCCCLXXIV874
0%
DCCCLXXV875
0%
DCCCLXXVI876
0%
DCCCLXXVII877
0%
DCCCLXXVIII878
0%
DCCCLXXIX879
0%
DCCCLXXX880
0%
DCCCLXXXI881
0%
DCCCLXXXII882
0%
DCCCLXXXIII883
0%
DCCCLXXXIV884
0%
DCCCLXXXV885
0%
DCCCLXXXVI886
0%
DCCCLXXXVII887
0%
DCCCLXXXVIII888
0%
DCCCLXXXIX889
0%
DCCCXC890
0%
DCCCXCI891
0%
DCCCXCII892
0%
DCCCXCIII893
0%
DCCCXCIV894
0%
DCCCXCV895
0%
DCCCXCVI896
0%
DCCCXCVII897
0%
DCCCXCVIII898
0%
DCCCXCIX899
0%
CM900
0%
CMI901
0%
CMII902
0%
CMIII903
0%
CMIV904
0%
CMV905
0%
CMVI906
0%
CMVII907
0%
CMVIII908
0%
CMIX909
0%
CMX910
0%
CMXI911
0%
CMXII912
0%
CMXIII913
0%
CMXIV914
0%
CMXV915
0%
CMXVI916
0%
CMXVII917
0%
CMXVIII918
0%
CMXIX919
0%
XCII92
0%
CMXX920
0%
CMXXI921
0%
CMXXII922
0%
CMXXIII923
0%
CMXXIV924
0%
CMXXV925
0%
CMXXVI926
0%
CMXXVII927
0%
CMXXVIII928
0%
CMXXIX929
0%
CMXXX930
0%
CMXXXII932
0%
CMXXXIII933
0%
CMXXXIV934
0%
CMXXXV935
0%
CMXXXVI936
0%
CMXXXIX939
0%
CMXL940
0%
CMXLI941
0%
CMXLII942
0%
CMXLIII943
0%
CMXLIV944
0%
CMXLV945
0%
CMXLVI946
0%
CMXLVII947
0%
CMXLVIII948
0%
CMXLIX949
0%
CML950
0%
CMLI951
0%
CMLII952
0%
CMLIII953
0%
CMLIV954
0%
CMLV955
0%
CMLVI956
0%
CMLVII957
0%
CMLVIII958
0%
CMLIX959
0%
CMLX960
0%
CMLXI961
0%
CMLXIII963
0%
CMLXIV964
0%
CMLXV965
0%
CMLXVI966
0%
CMLXVII967
0%
CMLXIX969
0%
CMLXX970
0%
CMLXXII972
0%
CMLXXIII973
0%
CMLXXIV974
0%
CMLXXV975
0%
CMLXXVI976
0%
CMLXXVII977
0%
CMLXXVIII978
0%
CMLXXIX979
0%
CMLXXX980
0%
CMLXXXI981
0%
CMLXXXII982
0%
CMLXXXV985
0%
CMLXXXVI986
0%
CMLXXXVII987
0%
CMLXXXVIII988
0%
CMLXXXIX989
0%
XCIX99
0%
CMXC990
0%
CMXCI991
0%
CMXCII992
0%
CMXCIII993
0%
CMXCIV994
0%
CMXCV995
0%
CMXCVI996
0%
CMXCVII997
0%
CMXCVIII998
0%
CMXCIX999
0%

Rozkład punktacji

Percentyl według liczby udzielonych odpowiedzi

Procent ludzi z każdym wynikiem

Twoja historia wyników

Nie rozwiązałeś tego quizu